000 00410nam a2200169Ia 4500
008 230512s9999 xx 000 0 und d
041 _aeng
100 _aGEDDES & GROSSET
245 _aWEBSTERS UNIVERSAL DICTIONARY & THESAURUS
250 _a1
260 _bGEDDES & GROSSET SCOTLAND
300 _a960
365 _b480
500 _aHard Board
520 _aReference Copy
650 _aReference Book
999 _c407226
_d407226